01435nam0a22002651 4500001001100000005001700011021001900028035002600047100004100073101000800114102000700122105001800129200042400147205003300571210003200604215001500636300007000651300012200721517008000843702003800923710014400961801001801105801002201123852002401145rc\413475620260407214441.0 aRUb[56-47303] a(NLR Aleph) 007986563 a20130415d1956 |||y0rusy50 ca0 arus aRU ay z |||||1 aТемник для рационализаторов и изобретателей предприятий государственного сельскохозяйственного мукомолья МППТ РСФСРfМ-во промышленности производств. товаров РСФСР. Техн. упр. Гл. упр. мукомольной пром-сти "Росглавмукомол" a(Переизд. с доп.) aМоскваcБ. и.d1956 a28 с.d20 aВ конце текста сост.: М.А. Теленгатор a1-е изд. вышло под загл.: Тематический план для рационализаторов0 aТематический план для рационализаторов 1aТеленгаторbМ.А.422001aРСФСРbМинистерство промышленности продовольственных товаров3RU\NLR\AUTH\8810144150 0aRUbNLRgpsbo 1aRUbELAR2rusmarc aNLRjТ66 Г-4/1561